00355nam a2200121Ia 4500008004100000082001000041100001600051245004000067260003800107300000800145630004000153730004000193100204s9999 xx 000 0 und d b20361 aBLYTON ENID aTHE MYSTERY OF THE SPITEFUL LETTERS b"HSPPY BOOKS STALL, BOMBAY"c1966 a165 aTHE MYSTERY OF THE SPITEFUL LETTERS aTHE MYSTERY OF THE SPITEFUL LETTERS